Transcontinental countries (including dependent territories and map) - Statistics

General Stats
  • This quiz has been taken 5,404 times
    4,348 since last reset
  • The average score is 29 of 34
Answers on the Map
Answers color-coded by a green-red scale on the quiz's map according to % correct below.
 
Answer Stats
Continents Country Explanation % Correct
Europe, Asia, North America ? Russia This one seems obvious: the Europe-Asian border cuts right through Russia: beginning in the Black Sea, it following the Greater Caucasus Watershed, the Caspian Sea, the Ural River and Ural Mountains to the Kara Sea in the North. Depending on the continental boundary definition, Russia's part of the Aleutian Islands and Big Diomede / Ratmanov Island may be considered part of North America.
99%
Europe, Africa, Antarctica, North America, Oceania, South America France The French regions of French Guiana (South America), Guadeloupe, Martinique (both North America), Mayotte, and Réunion (both Africa) have the same status as the regions of metropolitan France - unlike other oversees territories like French Polynesia, Saint Pierre & Miquelon or New Caledonia. Dependencies: Africa and Antarctica (only transcontinental dependent territory?): French Southern and Antarctic Lands (including claimed Adélie Land) North America: Saint Barthélemy; Saint Martin; Saint Pierre and Miquelon North America / Oceania ?: Clipperton Island Oceania: French Polynesia; New Caledonia; Wallis and Futuna
97%
Asia, Europe Turkey The Eastern Thrace region of Turkey (west of Istanbul) is located in the Balkans
97%
Europe, Africa, Asia, Antarctica North America, Oceania, South America United Kingdom Dependencies: Europe: Bailiwick of Guernsey; Bailiwick of Jersey; Gibraltar; Isle of Man Europe/Asia?: Akrotiri and Dhekelia
Africa: Saint Helena, Ascension and Tristan da Cunha Antarctica: British Antarctic Territory (claimed); South Georgia and the South Sandwich Islands Asia: British Indian Ocean Territory (de facto) North America: Anguilla; Bermuda; British Virgin Islands; Cayman Islands; Montserrat; Turks and Caicos Islands Oceania: Pitcairn Islands South America: Falkland Islands
97%
North America, Oceania, Asia ? USA The state of Hawaii is indisputably a part of Oceania.The same applies to the Palmyra Atoll, which - unlike other "unincorporated" US possessions in the Pacific (which count as dependent territories) - is an "incorporated" territory and therefore integral part of the US. Depending on the continental boundary definition, the western part of the Aleutian Islands, Little Diomede Island and other Bering Sea islands like St. Lawrence Island may be considered part of Asia, making Alaska a transcontinental state. Dependencies: North America: Bajo Nuevo Bank (claimed); Guantánamo Bay (leased territory); Puerto Rico; Serranilla Bank (claimed); United States Virgin Islands Oceania: American Samoa; Baker Island; Guam; Howland Island; Jarvis Island; Johnston Atoll; Kingman Reef; Midway Atoll; Navassa Island; Northern Mariana Islands; Wake Atoll
97%
Europe, Africa Spain Spain has territories including one autonomous community (Canary Islands), one province (Almería due to the Island of Albóran) and two autonomous cities (Ceuta and Melilla) in Africa with close to 5% of the population living on the African continent. Furthermore, the "plazas de soberanía" on the Maroccan coast are under a different status, akin to unincorporated territories.
96%
Africa, Asia Egypt The modern convention for the land boundary between Asia and Africa runs along the Isthmus of Suez and the Suez Canal in Egypt, making the Sinai Peninsula a part of Asia.
95%
Oceania, Antarctica, Asia Australia Dependencies: Oceania: Ashmore and Cartier Islands; Coral Sea Islands; Norfolk Island Asia: Christmas Island; Cocos (Keeling) Islands Antarctica: Australian Antarctic Territory (claimed); Heard Island and McDonald Islands
93%
Europe, North America Denmark Dependencies: Europe: Faroe Islands North America: Greenland
93%
Europe, Africa, North America ? Portugal The Portuguese archipelago of Madeira is geographically associated with Africa (though culturally with Europe). Geologically, the Azores island group is located near the Azores Triple Junction with all but two of its main islands scattered over the boundary between the African Plate and the Eurasian Plate, while Corvo Island and Flores Island are situated on the North American Plate.
92%
Asia, Oceania Indonesia While the exact border between Asia and Oceania in the Malay archipelago is a matter of debate, all projections allocate the whole island of New Guinea (with its westen Indonesian part) to the Melanesia region of Oceania. Some go even as far as to claim Sulawesi and Lombok for Oceania.
91%
South America, Antarctica Argentina Dependencies: Antarctica: Argentine Antarctica (claimed)
89%
South America, Antarctica, Oceania Chile Chile regards itself as a "tricontinental country": Besides its South American territory, it claims an Antarctic possession and has sovereignty over multiple Pacific Islands: most notably Easter Island, but also Isla Salas y Gómez (the easternmost point in the Polynesian Triangle), Juan Fernández Islands and Desventuradas Islands (the latter two being usually associated with South America). Dependencies: Antarctica: Chilean Antarctic Territory (claimed)
89%
Europe, Antarctica Norway Dependencies: Europe: Jan Mayen; Svalbard Antarctica: Bouvet Island; Peter I Island (claimed); Queen Maud Land (claimed)
89%
Europe, Africa Italy Italy has a number of small islands south of Sicily which, geographically can be considered part of the African continent, due to their proximity to Tunisia: while Pantelleria and Linosa are usually considered part of Europe, Lampedusa and Lampione are seen as part of Africa.
88%
Oceania, Antarctica New Zealand Dependencies: Oceania: Cook Island; Niue; Tokelau Antarctica: Ross Dependency (claimed)
87%
North America, South America ? Panama Conventionally though debatably, the border between the American continents is located somewhere in the Darién Gap, most notably along the Darién Mountains Watershed which would make the south eastern tip of Panama (near the source of Río Jampavadó) part of South America. A less common projection places the continental border on the Panama Canal.
86%
Asia, Europe Georgia The regions of Khevi, Khevsureti and Tusheti of Georgia are mainly located north of the Greater Caucasus Watershed, and thus geographically in Europe.
85%
Europe, North America, South America ? Netherlands The Kingdom of the Netherlands comprises three autonomous "constituent countries" in the Caribbean (Aruba, Curaçao, Sint Marteen, all of which count as dependencies) and one constituent country, the Netherlands, with most of its area in Europe but also encompassing three overseas Caribbean municipalities - Sint Eustatius, Saba and Bonaire. The last one could also be seen as part of South America due to its proximity. Dependencies: North America: Sint Maarten North America / South America ?: Aruba; Curaçao
85%
South America, Africa ? Brazil Admittedly, Brazil is probably not a transcontinental country, not even due to its most remote island possession: the Saint Peter and Saint Paul Archipelago - a cluster of rocks on the Mid-Atlantic Ridge or slightly to its east on the African side.
84%
Asia, Oceania Japan Japan's Izu, Ogasawara and Volcano Islands as well as Nishinoshima and Okinotorishima are occasionally considered part of Oceania. While these claims are well substantiated, only Minami-Tori-shima (Marcus Island) is unequivocally part of Oceania.
84%
South America, North America, Oceania ? Colombia The Colombian Archipelago of San Andrés, Providencia and Santa Catalina department is located in the Caribbean Sea making it a part of North America. Malpelo Island, 500 km / 310 mi west of Colombia's Pacific coast is usually considered a part of South America and only very rarely of Oceania. Moreover, since the land border between North and South America is not exactly determined, Colombia may extend through the Darién Gap to the North American side - especially in the area west of the Río Atrato delta.
83%
North America, Oceania ? Mexico Mexico contains the Revillagigedo Islands, the most remote island being Isla Clarión (700 km / 430 mi from the mainland.). The islands are usually associated with North America - however, to count them to Oceania is not unthinkable.
83%
Asia, Europe Azerbaijan Some districts of Azerbaijan (mostly north of Sumgait City) with ca. 5% of the country's population (half a million people) are located north of the Greater Caucasus Watershed, and thus geographically in Europe.
81%
South America, Oceania ? Ecuador Ecuador contains the Galápagos Islands, which, depending on the definition, either lie in South America or are considered part of the Oceanian islands - however, latter perspective is highly unusual.
80%
Europe, Asia ? Greece The territory of Greece includes a number of islands just off the coast of Asia Minor, such as Rhodes, Kos, Samos, Chios and Lesbos, but especially Kastellorizo with its adjacent islands. However they consider themselves part of Europe due to cultural ties.
80%
Africa, Antarctica ? South Africa This claim may be a bit dubious: The South African Prince Edward Islands (not to be confused with the name-related Canadian province) in the southern Indian Ocean are positioned between the African and Antarctic continents, the distance to Africa being a bit shorter. Tectonically, they are tied to Antarctica by the Antarctic plate and they are considered to belong to the "subantarctic islands", most of which are dependent territories of other nations.
80%
Asia, Europe Kazakhstan A small portion of Kazakhstan extends west of the Ural River into Eastern Europe.
77%
North America ?, Europe Iceland Located between Europe and Greenland (which is geographically part of North America), Iceland is considered european for historical, cultural and political reasons. Geologically, it lies right on the Mid-Atlantic Ridge which separates the North American and Eurasian Plate, causing frequent volcanic activity. The island's capital, Reykjavík, is located on the North American side.
76%
South America, North America Venezuela Venezuela's Aves Island is located 547 km / 340 mi north of the mainland in the middle of the Caribbean Sea which is a part of North America. Venezuela's Federal Dependencies and the state of Nueva Esparta which are comprised of Caribbean islands right off the South American coast are usually considered South American, unless all of the Caribbean is viewed as North American.
76%
Asia, Africa Yemen While Yemen's Red Sea islands lie on the Asian continental shelf like the mainland, the archipelago of Socotra off the Horn of Africa lies on the African shelf and is geographically closer to Somalia than to the Yemeni coast.
73%
North America, Oceania ? Costa Rica Costa Rica's Cocos Island is usually regarded as the southernmost point of North America. Since it is a remote island in the middle of the Pacific Ocean, allocating it to Oceania is not out of the picture.
62%
North America, South America ? Trinidad and Tobago The southern half of Trinidad lies on the South American Plate while the northern half of Trinidad and the island of Tobago lie on the Caribbean Plate. However, these geological features do not necessarily qualify Trinidad and Tobago as a transcontinental state, as the whole territory is usually labeled geopolitically as part of North America.
59%
Africa, Asia ? Mauritius Mauritius claims sovereignity over the Chagos Islands which form the British Indian Ocean Territory and are part of Asia. They were split off from Mauritius by the UK three years before it became independent, the native population was forcibly expelled and the main island Diego Garcia was leased to the US as a naval base. In 2019 the International Court of Justice has confirmed Mauritius' claim.
43%
No matching quizzes found
Score Distribution
Percent of People with Each Score
Percentile by Number Answered
Your Score History
You have not taken this quiz since the last reset